000 00926nam a2200289Ia 4500
001 F0278
003 IT-RoPAU
008 130308s9999 xx 000 0 und d
040 _aIT-RoPAU
040 _cIT-RoPAU
041 _aINGLESE
100 _aMcguigan Jim
100 _gCodice Aut. SPICS: 49252
245 _aCultural Populism Revisited
245 _bCultural Studies in Question
250 _a1a ed.
260 _aLONDON
260 _bSage Publications Ltd
260 _c1997 [1° Ed.:1997 - Ed.Ling.Originale:1997]
300 _a"17 p. (prefazione: no ; testo: 17 [pagine: 138-154])"
500 _aPopulismo Culturale Rivisitato. Critica al Populismo Culturale Consumisticoe Ideologia Dominante. Consumo. Valore Culturale. ruolo dell'Analisi. Politica Culturale.
650 _aTEORIA DELLA COMUNICAZIONE SOCIALE
650 _eCodice materia Spics: 3802
942 _cBK
957 _71
999 _c79566
_d79566
999 _g1